[Event "JUG-chT"]
[Site "Vrnjacka Banja"]
[Date "1996.??.??"]
[Round "?"]
[White "Ilic, Zoran"]
[Black "Aleksic, Milan"]
[Result "1-0"]
[WhiteElo "2400"]
[BlackElo "2320"]

1.d4 Nf6 2.Nf3 g6 3.c4 Bg7 4.g3 O-O 5.Bg2 d6 6.O-O Nc6 7.Nc3 a6 8.d5 Na5
9.Nd2 c5 10.Qc2 Rb8 11.b3 b5 12.Bb2 bxc4 13.bxc4 e5 14.Nd1 h5 15.Bc3 Bd7
16.f4 Re8 17.e4 h4 18.fxe5 dxe5 19.Nf2 hxg3 20.hxg3 Nh5 21.Qd3 Nb7 22.Qf3 Nd6
23.Nd3 Qg5 24.Nxc5 Bc8 25.Rab1 Bg4 26.Qf2 Rbc8 27.Rb6 Qe7 28.Bb4 Qd8 29.Nd3 Nxc4
30.Nxc4 Rxc4 31.Qxf7+ Kh8 32.Rxg6 Nxg3 33.Qxg7+  1-0

[Event "Warsaw op (Women)"]
[Site "Warsaw"]
[Date "1996.??.??"]
[Round "5"]
[White "Litinskaya, Marta I"]
[Black "Semenova, Lidia K"]
[Result "1-0"]
[WhiteElo "2355"]
[BlackElo "2305"]

1.d4 Nf6 2.c4 g6 3.Nf3 Bg7 4.g3 d6 5.Bg2 O-O 6.O-O Nbd7 7.Nc3 e5 8.e4 exd4
9.Nxd4 Re8 10.h3 a6 11.Be3 Ne5 12.b3 c5 13.Nde2 Rb8 14.f4 Nc6 15.Qd2 Qa5
16.Rad1 Nh5 17.Kh2 Bd7 18.Qc1 Qc7 19.Rd2 b5 20.cxb5 axb5 21.Rfd1 b4 22.Na4 Rbd8
23.Rxd6 Nd4 24.R6xd4 Bxd4 25.Rxd4 Bxa4 26.bxa4 Rxd4 27.Bxd4 c4 28.a3 b3 29.Nc3 Qa5
30.Nd5 Rb8 31.Bb2 c3 32.Bxc3 Qxa4 33.Bb2 Qa5 34.Qe3 f6 35.g4 Ng7 36.Nxf6+ Kf7
37.Qd4 Rd8 38.Qc4+ Ke7 39.Qxb3 Ne6 40.Qb7+ Rd7  1-0

[Event "Winterthur-B"]
[Site "Winterthur"]
[Date "1996.??.??"]
[Round "9"]
[White "Von Allmen, Alain"]
[Black "Belotti, Bruno"]
[Result "0-1"]
[WhiteElo "2220"]
[BlackElo "2400"]

1.d4 Nf6 2.Nf3 g6 3.c4 Bg7 4.g3 O-O 5.Bg2 d6 6.O-O Nbd7 7.Qc2 e5 8.Rd1 Re8
9.dxe5 dxe5 10.Nc3 Qe7 11.Na4 Nb6 12.h3 Bf5 13.Qb3 Bd7 14.Nxb6 axb6 15.Be3 Ba4
16.Qc3 e4 17.Nd4 Bxd1 18.Rxd1 Red8 19.Qb3 Nd7 20.a3 Nc5 21.Qc2 f5 22.Rd2 Rd7  0-1

[Event "Winterthur-B"]
[Site "Winterthur"]
[Date "1996.??.??"]
[Round "11"]
[White "Von Allmen, Alain"]
[Black "Rasik, Vitezslav"]
[Result "0-1"]
[WhiteElo "2220"]
[BlackElo "2440"]

1.d4 Nf6 2.Nf3 g6 3.c4 Bg7 4.g3 O-O 5.Bg2 d6 6.O-O Nc6 7.Nc3 e5 8.d5 Ne7
9.e4 Nd7 10.b4 h6 11.Rb1 f5 12.exf5 gxf5 13.Nh4 a5 14.a3 e4 15.Qb3 Ne5 16.f3 axb4
17.axb4 exf3 18.Nxf3 N7g6 19.Ne2 Bd7 20.Nfd4 Qe7 21.Bd2 Kh8 22.Rbc1 Rae8
23.c5 Ng4 24.Rc3 f4 25.gxf4 Nh4 26.Bh1 Bb5 27.Rd3 dxc5 28.bxc5 Bxd3 29.Qxd3 Qxc5
30.Rc1 Qa7 31.Rxc7 Rxe2 32.Bc3 Re1+ 33.Bxe1 Qxd4+ 34.Qxd4 Bxd4+ 35.Kf1 Rxf4+
36.Ke2 Nf5 37.Rxb7 Be5 38.Bg2 Ra4 39.h3 Ra2+ 40.Kd3 Rxg2 41.hxg4 Rxg4 42.Rd7 Rd4+
43.Ke2 Re4+ 44.Kf1 Ne3+ 45.Kf2 Ng4+ 46.Kf1 Nf6 47.Rd8+ Kg7 48.d6 Rd4 49.Bc3 Rf4+  0-1

[Event "Yalta op"]
[Site "Yalta"]
[Date "1996.??.??"]
[Round "4"]
[White "Koniushkov, Igor"]
[Black "Goloshchapov, Alexander"]
[Result "1/2-1/2"]
[WhiteElo "2280"]
[BlackElo "2445"]

1.d4 Nf6 2.Nf3 g6 3.c4 Bg7 4.g3 O-O 5.Bg2 d6 6.O-O Nbd7 7.Nc3 e5 8.e4 c6
9.h3 Re8 10.Re1 a5 11.Be3 exd4 12.Nxd4 Nc5 13.Qc2 a4 14.Rad1 Nfd7 15.f4 Qa5
16.Bf2 Nb6 17.Bf1 Bd7 18.Nb1 Re7 19.Nf3 Rae8 20.e5 Bf5  1/2-1/2

[Event "Yalta op (Women)"]
[Site "Yalta"]
[Date "1996.??.??"]
[Round "4"]
[White "Lymar, Irina"]
[Black "Slavina, Irina"]
[Result "0-1"]
[WhiteElo "2210"]
[BlackElo "2135"]

1.d4 g6 2.c4 Bg7 3.Nf3 Nf6 4.g3 O-O 5.Bg2 d6 6.O-O Nbd7 7.Nc3 e5 8.h3 c6
9.e4 Qb6 10.Re1 exd4 11.Nxd4 Re8 12.Re2 Ng4 13.Rd2 Nge5 14.b3 Nc5 15.Re2 Ne6
16.Nxe6 Bxe6 17.Be3 Qa5 18.Rc1 Nxc4 19.bxc4 Bxc3 20.Qxd6 Bxc4 21.Rec2 Be5
22.Qc5 Qxc5 23.Bxc5 Be6 24.f4 Bc7 25.e5 Bb6 26.Rb2 Bxc5+ 27.Rxc5 Re7 28.Kf2 h5
29.a4 Rd8 30.a5 a6 31.Ke3 Kf8 32.h4 Ke8 33.Be4 Rd1 34.Bf3 Ra1 35.Be4 Ra3+
36.Kf2 Kd8 37.Kg2 Rd7 38.Rf2 Rd4 39.Bc2 Bd5+ 40.Kh3 Ke7 41.f5 Rg4 42.e6 Rgxg3+
43.Kh2 Rh3+  0-1

[Event "Yalta op (Women)"]
[Site "Yalta"]
[Date "1996.??.??"]
[Round "6"]
[White "Lymar, Irina"]
[Black "Zozulia, Anna"]
[Result "1/2-1/2"]
[WhiteElo "2210"]
[BlackElo "2245"]

1.d4 Nf6 2.Nf3 g6 3.c4 Bg7 4.g3 O-O 5.Bg2 d6 6.O-O Nbd7 7.Nc3 e5 8.h3 Re8
9.e4 exd4 10.Nxd4 Nc5 11.Re1 Bd7 12.Rb1 a5 13.b3 Qc8 14.Kh2 h5 15.Bg5 Ne6
16.Be3 h4  1/2-1/2

[Event "Yerevan ol (Women)"]
[Site "Yerevan"]
[Date "1996.??.??"]
[Round "1"]
[White "Guindy, Esmat"]
[Black "Belakovskaia, Anjelina"]
[Result "0-1"]
[WhiteElo "2095"]
[BlackElo "2350"]

1.d4 Nf6 2.c4 g6 3.g3 Bg7 4.Bg2 O-O 5.Nf3 d6 6.O-O c6 7.Nc3 a6 8.b3 b5 9.Bb2 Qb6
10.Rc1 Nbd7 11.Re1 Bb7 12.e4 Rfd8 13.h3 Nh5 14.Ne2 bxc4 15.Rxc4 c5 16.Qc2 a5
17.dxc5 Nxc5 18.Bxg7 Nxg7 19.e5 Bd5 20.exd6 Bxc4 21.dxe7 Re8 22.Qxc4 Rxe7
23.Nfd4 Rae8 24.Rc1 Ne4 25.Qc6 Qb4 26.Qc2 Qb6 27.Qc6 Qa7 28.Bxe4 Rxe4 29.Nb5 Qe7
30.Ned4 Rd8 31.Qc3 Qg5 32.Rf1 Ne6 33.Nxe6 Rxe6 34.Qxa5 Rd2 35.Qa8+ Kg7 36.a4 Ree2
37.Qf3 Rb2 38.Qc3+ Qe5 39.Kg2 Qxc3 40.Nxc3 Rec2 41.Nb5 Rd2 42.Nc3 Rxb3 43.Ne4 Re2
44.Ng5 Ra3 45.h4 Rxa4 46.Rd1 Raa2 47.Nh3 Red2 48.Rc1 h6 49.Rc5 Kf6 50.Rb5 Ke7
51.Rb7+ Rd7 52.Rb4 Ra5 53.Rb6 Rd6 54.Rb4 g5 55.hxg5 hxg5 56.g4 f6 57.Ng1 Rda6
58.Kg3 Ra3+ 59.f3 Re6 60.Rb1 Ra2 61.Rc1 Re3 62.Rb1 Kf7 63.Rf1 Rb3 64.Rf2 Rxf2
65.Kxf2 Ke6 66.Kg3 Rb2 67.Nh3 Ke5 68.Nf2 Re2 69.Nd3+ Kd4 70.Nf2 Re8 71.Nh3 Kd3
72.Kf2 Rh8 73.Ng1 Kd2 74.Kg3 Ke3 75.Kg2 Rh7 76.Kg3 Rh1  0-1

[Event "ARM-ch"]
[Site "Yerevan"]
[Date "1996.??.??"]
[Round "1"]
[White "Petrosian, Arshak B"]
[Black "Nalbandian, Tigran"]
[Result "1-0"]
[WhiteElo "2465"]
[BlackElo "2475"]

1.Nf3 Nf6 2.g3 g6 3.Bg2 Bg7 4.d4 O-O 5.c4 d6 6.Nc3 Nbd7 7.O-O e5 8.h3 Re8
9.e4 exd4 10.Nxd4 Nc5 11.Re1 a6 12.Qc2 Ne6 13.Nde2 Bd7 14.a4 h6 15.Be3 Ng5
16.g4 Nxh3+ 17.Bxh3 Nxg4 18.Bxg4 Bxg4 19.Kg2 Qf6 20.Ng1 c6 21.Qd2 Qh4 22.Bd4 Bxd4
23.Qxd4 Re5 24.Re3 Rae8 25.Rg3 Bf5 26.f3 Be6 27.Nge2 Rh5 28.Rg1 Kh7 29.Kf1 d5
30.cxd5 cxd5 31.exd5 Qxd4 32.Nxd4 Bxd5 33.Kf2 b6 34.Rd1 Bb7 35.Nde2 Rh2+
36.Kg1 Rh4 37.Rd7 Bc6 38.Rxf7+ Kg8 39.Rf6 Bxa4 40.Rfxg6+ Kh7 41.Rxb6 Bb5
42.Nxb5 axb5 43.Rb7+ Kh8 44.Nc3  1-0

[Event "Yerevan ol (Men)"]
[Site "Yerevan"]
[Date "1996.??.??"]
[Round "2"]
[White "Mochalov, Evgeny V"]
[Black "Nedev, Trajce"]
[Result "1/2-1/2"]
[WhiteElo "2465"]
[BlackElo "2415"]

1.d4 Nf6 2.c4 g6 3.Nf3 Bg7 4.g3 O-O 5.Bg2 d6 6.O-O c6 7.Nc3 Qb6 8.b3 Qa5
9.Qd2 Qh5 10.Qg5 Qxg5 11.Bxg5 h6 12.Bd2 a6 13.e4 Nfd7 14.Rac1 b5 15.Be3 bxc4
16.bxc4 c5 17.e5 Bb7 18.exd6 exd6 19.Rfd1 cxd4 20.Bxd4 Bxd4 21.Rxd4 Ne5 22.Nxe5 dxe5
23.Bxb7 Ra7 24.Re4 Rxb7 25.Rxe5 Rc8 26.Nd5 Nc6 27.Re4 Rb2 28.a3 Kf8 29.c5 a5
30.Nb6 Rd8 31.Nc4 Ra2 32.Rb1 Rd5 33.Rb7 Rxc5 34.Rc7 Rc2 35.Rc8+ Kg7 36.Nd6 Ne5
37.Ne8+ Kf8 38.Nc7+ Kg7 39.Ne8+ Kf8 40.Nc7+ Kg7 41.Ne8+  1/2-1/2

[Event "Yerevan ol (Men)"]
[Site "Yerevan"]
[Date "1996.??.??"]
[Round "2"]
[White "Tibensky, Robert"]
[Black "Rowson, Jonathan"]
[Result "0-1"]
[WhiteElo "2440"]
[BlackElo "2425"]

1.d4 Nf6 2.c4 g6 3.g3 Bg7 4.Bg2 O-O 5.Nf3 d6 6.O-O Nbd7 7.Nc3 e5 8.e4 c6
9.h3 Qb6 10.c5 dxc5 11.dxe5 Ne8 12.e6 fxe6 13.Ng5 Ne5 14.f4 Nf7 15.Nxf7 Bd4+
16.Kh1 Rxf7 17.e5 Bd7 18.Ne4 Rd8 19.h4 Bc8 20.Qc2 Qa6 21.Bd2 c4 22.Bc3 c5
23.h5 b5 24.hxg6 hxg6 25.Ng5 Rg7 26.a3 Rdd7 27.Be4 Bb7 28.Kg2 Bxc3 29.bxc3 Rd3
30.Kf2 Rgd7 31.Bxd3 cxd3 32.Qd2 Qc6 33.Rg1 Nc7 34.g4 c4 35.Kg3 Qb6 36.Rae1 Nd5
37.Ne4 Rh7 38.Rgf1 a5 39.Nd6 Qd8 40.g5 Ne7 41.Rf2 Qxd6  0-1

[Event "Yerevan ol (Men)"]
[Site "Yerevan"]
[Date "1996.??.??"]
[Round "2"]
[White "Baburin, Alexander"]
[Black "Davila, Carlos"]
[Result "1/2-1/2"]
[WhiteElo "2545"]
[BlackElo "2290"]

1.d4 Nf6 2.c4 g6 3.Nf3 Bg7 4.g3 O-O 5.Bg2 d6 6.O-O Nc6 7.Nc3 Bf5 8.d5 Na5
9.Nd4 Bd7 10.b3 c5 11.dxc6 Nxc6 12.Bb2 Qa5 13.e3 Rac8 14.Rc1 Bg4 15.Qd2 a6
16.h3 Bd7 17.Rfd1 Rfe8 18.Na4 Qxd2 19.Rxd2 Nxd4 20.Bxd4 Bc6 21.Nb6 Rc7 22.Rdc2 Bxg2
23.Kxg2 Nd7 24.Nxd7 Rxd7 25.Bb6 Rc8 26.a4 f5 27.g4 Kf7 28.gxf5 gxf5 29.Kf3 Bf6
30.b4 e5 31.e4 fxe4+ 32.Kxe4 Ke6 33.Rd1 Bg5 34.Rd3 Rf7 35.Be3 Bxe3 36.fxe3 Rfc7
37.c5 dxc5 38.Rd5 cxb4 39.Rxe5+ Kf6 40.Rf2+ Kg7 41.Rg2+ Kh8 42.a5 Rc4+ 43.Kf5 b3
44.Re7 R4c5+ 45.Ke4 Rxa5 46.Rxb7 Ra4+ 47.Kd5 Rd8+ 48.Ke5 Re8+ 49.Kd5 Rd8+
50.Ke5 Ra2 51.Rgg7 Ra5+ 52.Kf4 Rh5 53.Rge7 Rxh3 54.Rxb3 a5 55.Rbb7  1/2-1/2

[Event "Yerevan ol (Men)"]
[Site "Yerevan"]
[Date "1996.??.??"]
[Round "3"]
[White "Orr, Mark J L"]
[Black "Berlinsky, Vladimir"]
[Result "0-1"]
[WhiteElo "2365"]
[BlackElo "2255"]

1.d4 Nf6 2.Nf3 g6 3.g3 Bg7 4.Bg2 O-O 5.c4 d6 6.O-O Nbd7 7.Nc3 e5 8.e4 exd4
9.Nxd4 Re8 10.h3 a6 11.Rb1 Rb8 12.b3 c5 13.Nc2 b5 14.cxb5 axb5 15.Re1 b4
16.Nd5 Nxd5 17.Qxd5 Nf6 18.Qd1 Bb7 19.f3 d5 20.e5 Nd7 21.f4 d4 22.a3 Bxg2
23.Kxg2 bxa3 24.Nxa3 f6 25.exf6 Nxf6 26.Bd2 Rxe1 27.Bxe1 d3 28.Nc4 Ne4 29.Ba5 Qd4
30.Qe1 Qd5 31.Kh2 Bd4 32.Ne3 Qa8 33.Nd1 Re8 34.h4 Nf6  0-1

[Event "Yerevan ol (Men)"]
[Site "Yerevan"]
[Date "1996.??.??"]
[Round "3"]
[White "Romanishin, Oleg M"]
[Black "Timoshchenko, Gennadi A"]
[Result "1/2-1/2"]
[WhiteElo "2555"]
[BlackElo "2530"]

1.d4 Nf6 2.Nf3 g6 3.g3 Bg7 4.Bg2 O-O 5.c4 d6 6.O-O Nc6 7.Nc3 Bf5 8.Bd2 Ne4
9.Be1 Nxc3 10.Bxc3 Be4 11.e3 d5 12.Qb3 Rb8 13.Rfc1 e6 14.Ne1 Bxg2 15.Kxg2 e5
16.dxe5 dxc4 17.Qxc4 Nxe5 18.Qe4 Re8 19.Rd1 Qe7 20.Rac1 c6 21.b3 Rbd8 22.Qb4 c5
23.Qe4 b6 24.Bxe5 Bxe5 25.Nf3 Bf6 26.Qxe7 Bxe7 27.Ne5 Bf6 28.Nc6 Rxd1 29.Rxd1 a6
30.Rd7 Rc8 31.Na7 Rb8 32.Kf3 Kf8 33.Rc7 Be5 34.Rc6 Rb7 35.Nc8 Bc7 36.Nd6 Bxd6
37.Rxd6 Ke7 38.Rd2  1/2-1/2

[Event "Yerevan ol (Men)"]
[Site "Yerevan"]
[Date "1996.??.??"]
[Round "3"]
[White "Cvitan, Ognjen"]
[Black "Braga, Cicero"]
[Result "1-0"]
[WhiteElo "2535"]
[BlackElo "2390"]

1.d4 Nf6 2.Nf3 g6 3.c4 Bg7 4.g3 O-O 5.Bg2 d6 6.O-O c6 7.Nc3 Qa5 8.e4 Bg4
9.h3 Bxf3 10.Bxf3 Nfd7 11.Be3 Qb4 12.Qb3 Na6 13.Rfd1 Nb6 14.Be2 Rfd8 15.c5 dxc5
16.dxc5 Nd7 17.Bxa6 Qxb3 18.axb3 bxa6 19.Rxa6 Ne5 20.Rxd8+ Rxd8 21.f4 Nd3
22.Rxc6 Nxb2 23.Nd5 e6 24.Rc8 Rxc8 25.Ne7+ Kf8 26.Nxc8 Ke8 27.e5 Kd7 28.Nxa7 Bf8
29.Nb5 Nd1 30.Bd4 Kc6 31.Na7+  1-0

[Event "Yerevan op"]
[Site "Yerevan"]
[Date "1996.??.??"]
[Round "4"]
[White "Petrosian, Arshak B"]
[Black "Chibukhchian, Artur"]
[Result "1/2-1/2"]
[WhiteElo "2465"]
[BlackElo "2280"]

1.Nf3 Nf6 2.g3 g6 3.c4 Bg7 4.d4 O-O 5.Bg2 d6 6.Nc3 Nbd7 7.O-O e5 8.h3 c6
9.e4 Qb6 10.d5 cxd5 11.cxd5 Nc5 12.Qe2 Bd7 13.Be3 Rfc8 14.Rfc1 a5 15.Nd2 a4
16.b4 Qxb4 17.Rab1 Nb3 18.axb3 Rxc3 19.Rxc3 Qxc3 20.bxa4 Rxa4 21.Rxb7 Qc8
22.Rb6  1/2-1/2

[Event "Yerevan ol (Men)"]
[Site "Yerevan"]
[Date "1996.??.??"]
[Round "4"]
[White "Tu Hoang Thong"]
[Black "Michelakis, George"]
[Result "1-0"]
[WhiteElo "2465"]
[BlackElo "2410"]

1.d4 Nf6 2.Nf3 g6 3.g3 Bg7 4.c4 O-O 5.Bg2 d6 6.O-O Nc6 7.d5 Na5 8.Nfd2 c5
9.a3 Nd7 10.Ra2 b6 11.b4 Nb7 12.Bb2 f5 13.Bxg7 Kxg7 14.f4 Nf6 15.Re1 Bd7
16.Nc3 Qc7 17.e4 fxe4 18.Ncxe4 cxb4 19.axb4 a5 20.Qb3 axb4 21.Rxa8 Rxa8 22.Qxb4 Bf5
23.Qc3 Nc5 24.Nf2 Kf7 25.h3 Na4 26.Qe3 h5 27.Nf3 Ra7 28.Ng5+ Kg8 29.g4 hxg4
30.hxg4 Nxg4 31.Nxg4 Bxg4 32.Qg3 Bh5 33.Bf3 Bxf3 34.Nxf3 e5 35.dxe6 Qg7 36.Qg5 Re7
37.Qd5 Nc5 38.Qxd6 Qf6 39.Ng5  1-0

[Event "Yerevan ol (Women)"]
[Site "Yerevan"]
[Date "1996.??.??"]
[Round "4"]
[White "Baginskaite, Kamile"]
[Black "Sakhatova, Elvira"]
[Result "0-1"]
[WhiteElo "2280"]
[BlackElo "2330"]

1.d4 Nf6 2.c4 g6 3.Nf3 Bg7 4.g3 O-O 5.Bg2 d6 6.O-O Nc6 7.Nc3 a6 8.Bg5 h6
9.Bd2 e5 10.d5 Ne7 11.e4 c6 12.Ne1 cxd5 13.cxd5 Bd7 14.a4 Nc8 15.Qb3 Rb8
16.Nd3 Kh8 17.a5 Na7 18.Rfc1 Nb5 19.Nxb5 Bxb5 20.Bb4 Qd7 21.Qa3 Rfd8 22.Kh1 h5
23.Bd2 Rdc8 24.h3 Kg8 25.Kh2 h4 26.g4 Bxd3 27.Qxd3 Nh7 28.g5 Qd8 29.Qe3 Bf8
30.f4 exf4 31.Qxf4 Bg7 32.Qxh4 Bxb2 33.Rxc8 Rxc8 34.Rb1 Rc2 35.Qe1 Nxg5 36.Qe3 Nh7
37.Rxb2 Rxb2 38.Bc3 Rc2 39.Qd3 Rxc3 40.Qxc3 Qe7 41.Qb4 Nf6 42.Bf3 Kg7 43.Kg2 Qc7
44.Qd4 Qxa5 45.e5 dxe5 46.Qxe5 Qd2+ 47.Kg3 b5 48.d6 b4 49.Bd5 Qc3+ 50.Kf4 Qxh3
51.Bxf7 Qh2+  0-1

[Event "Yerevan ol (Men)"]
[Site "Yerevan"]
[Date "1996.??.??"]
[Round "5"]
[White "Nguyen Anh Dung"]
[Black "Djurhuus, Rune"]
[Result "0-1"]
[WhiteElo "2465"]
[BlackElo "2505"]

1.d4 Nf6 2.c4 g6 3.Nf3 Bg7 4.g3 O-O 5.Bg2 d6 6.O-O Nbd7 7.Nc3 e5 8.Qc2 Re8
9.Rd1 c6 10.b3 Qa5 11.Rb1 e4 12.Ne1 Nf8 13.Bf4 e3 14.fxe3 Ng4 15.Rd3 g5 16.Bxd6 Nxe3
17.Qd2 Bf5 18.Be4 Rxe4 19.Nxe4 Qxd2 20.Nxd2 Bxd3 21.Nxd3 Bxd4 22.Kh1 Re8
23.Nf3 Bf6 24.Kg1 Nd7 25.Nc5 Nxc5 26.Bxc5 g4 27.Ne1 Nf5 28.Kf1 b6 29.Bf2 Rd8
30.Nd3 Kg7 31.Rd1 h5 32.Nb2 Rh8 33.e4 Nxg3+ 34.hxg3 Bxb2 35.Rd7 Ra8 36.Ke2 Be5
37.Bd4 Bxd4 38.Rxd4 Re8 39.Kd3 Kf6 40.Rd6+ Re6 41.Rd7 a5 42.Rb7 c5 43.Ke3 Kg6
44.Kf2 f6 45.a4 Rxe4 46.Rxb6 Rd4 47.Rb5 Rd2+ 48.Kf1 Rb2 49.Kg1 f5 50.Rxc5 Rxb3
51.Kg2 Rb2+ 52.Kg1 Rb4 53.Rxa5 Rxc4 54.Ra6+ Kg5 55.Ra8 h4 56.Rg8+ Kf6 57.gxh4 Rxa4
58.Kg2 Ra2+ 59.Kg3 Ra3+ 60.Kg2 Rh3 61.Rh8 Ke5 62.h5 Kf6 63.h6 Kg6 64.Rg8+ Kxh6
65.Kf2 Ra3  0-1

[Event "Yerevan ol (Men)"]
[Site "Yerevan"]
[Date "1996.??.??"]
[Round "5"]
[White "Dautov, Rustem"]
[Black "Timoshchenko, Gennadi A"]
[Result "1-0"]
[WhiteElo "2615"]
[BlackElo "2530"]

1.d4 Nf6 2.c4 g6 3.Nf3 Bg7 4.g3 O-O 5.Bg2 d6 6.Nc3 Nc6 7.O-O Bf5 8.Ne1 Qc8
9.e4 Bh3 10.Nc2 Bxg2 11.Kxg2 a6 12.f3 Nd7 13.Be3 Rb8 14.Qd3 Na7 15.a4 c5
16.d5 b6 17.Na3 Rb7 18.Qd2 Re8 19.Bh6 Bh8 20.Rae1 Bxc3 21.Qxc3 f6 22.b3 b5
23.axb5 axb5 24.Nb1 bxc4 25.bxc4 Ne5 26.Be3 Qd7 27.Nd2 Reb8 28.f4 Nf7 29.e5 fxe5
30.fxe5 Nxe5 31.Bh6 Qg4 32.Rf4 Qh5 33.Rh4 Qf5 34.Rf1 Qc8 35.Rhf4 Qe8 36.Qa1 Rd8
37.Ne4 Nc8 38.Ng5 Nb6 39.Rf7 Nbxc4 40.Rg7+ Kh8 41.Nf7+  1-0

[Event "Yerevan ol (Men)"]
[Site "Yerevan"]
[Date "1996.??.??"]
[Round "5"]
[White "Rogozenko, Dorin"]
[Black "Apicella, Manuel"]
[Result "1-0"]
[WhiteElo "2525"]
[BlackElo "2560"]

1.d4 Nf6 2.c4 g6 3.Nf3 Bg7 4.g3 O-O 5.Bg2 d6 6.O-O Nbd7 7.Nc3 e5 8.e4 c6
9.h3 exd4 10.Nxd4 Re8 11.Be3 Nc5 12.Qc2 a5 13.Rad1 Qc7 14.b3 Nfd7 15.f4 f5
16.Ndb5 cxb5 17.Nxb5 Qb8 18.Nxd6 Re7 19.e5 Ne4 20.Nxe4 fxe4 21.Bxe4 Nf8 22.Rd8 Qc7
23.Rd6 Bxh3 24.Bb6 Qc8 25.Rd8 Qxd8 26.Bxd8 Rxd8 27.Rd1 Red7 28.Rxd7 Rxd7
29.Bd5+ Kh8 30.Qc3 a4 31.Qb4 axb3 32.axb3 g5 33.Bxb7 gxf4 34.gxf4 Rd1+ 35.Kf2 Bh6
36.Bd5 Rf1+ 37.Kg3 Bf5 38.Qd6 Bg6 39.Qf6+ Bg7 40.Qd8 Rg1+ 41.Kf2 Rg4 42.Kf3 Bh5
43.Bf7 Rxf4+ 44.Kxf4 Bxf7 45.Ke4 h5 46.c5 Kh7 47.c6 Bxb3 48.c7 Bc2+ 49.Kd5 Bf5
50.Kd6 Bg4 51.c8=Q Bxc8 52.Qxc8 Ng6 53.e6 Bf6 54.Qe8 Kh6 55.Kd5 Ne7+ 56.Ke4 Kg5
57.Qb5+ Kh6 58.Qf1 Kg6 59.Qg2+ Bg5 60.Ke5 Kh6 61.Qf3 Ng6+ 62.Kd6 h4 63.Kd5 Ne7+
64.Ke4 Kg6 65.Qf7+ Kh6 66.Qe8 Kg7 67.Kf3 Ng6 68.Kg4 Kh6 69.e7  1-0

[Event "Yerevan ol (Women)"]
[Site "Yerevan"]
[Date "1996.??.??"]
[Round "6"]
[White "Matveeva, Svetlana"]
[Black "Hagarova, Zuzana"]
[Result "1-0"]
[WhiteElo "2470"]
[BlackElo "2295"]

1.d4 Nf6 2.c4 g6 3.g3 Bg7 4.Bg2 d6 5.Nf3 O-O 6.O-O Nbd7 7.Nc3 e5 8.e4 exd4
9.Nxd4 Re8 10.h3 Nc5 11.Re1 Bd7 12.Rb1 Qc8 13.Kh2 Re5 14.f4 Re8 15.b4 Ne6
16.Nde2 c5 17.Nd5 Nxd5 18.cxd5 Nd4 19.bxc5 Qxc5 20.Nxd4 Bxd4 21.Rxb7 Red8
22.Ba3 Qxa3 23.Qxd4 Qxa2 24.Ra1 Qe2 25.Rb2 Qh5 26.Rxa7 Rac8 27.Qf6 Qd1 28.Rbb7 Rc2
29.Qxd8+ Kg7 30.Qb6 Qf3 31.Qg1 Bxh3 32.Rxf7+ Kg8 33.Ra8+  1-0

[Event "Yerevan ol (Women)"]
[Site "Yerevan"]
[Date "1996.??.??"]
[Round "6"]
[White "Maric, Alisa"]
[Black "Kunte, Mrunalini"]
[Result "1-0"]
[WhiteElo "2460"]
[BlackElo "2140"]

1.Nf3 Nf6 2.c4 g6 3.g3 Bg7 4.Bg2 d6 5.d4 O-O 6.O-O Nbd7 7.Nc3 e5 8.e4 c6
9.b3 Re8 10.h3 exd4 11.Nxd4 Nc5 12.Re1 Bd7 13.Bf4 Qb6 14.Bxd6 Nfxe4 15.Bxe4 Nxe4
16.Nxe4 Qxd4 17.Qxd4 Bxd4 18.Rad1 Bg7 19.g4 b6 20.Bg3 Be6 21.Ng5 Bd7 22.Ne4 Be6
23.Nd6 Red8 24.Bh4 Rd7 25.f4 c5 26.Nb5 Bd4+ 27.Nxd4 cxd4 28.Re5 Rd6 29.Be7 Rd7
30.Ba3 Rdd8 31.Bb2 d3 32.f5 gxf5 33.gxf5 Bc8 34.Rxd3  1-0

[Event "Yerevan ol (Men)"]
[Site "Yerevan"]
[Date "1996.??.??"]
[Round "6"]
[White "Heim, Sverre"]
[Black "Nedev, Trajce"]
[Result "0-1"]
[WhiteElo "2410"]
[BlackElo "2415"]

1.d4 Nf6 2.c4 g6 3.g3 Bg7 4.Bg2 O-O 5.Nf3 d6 6.O-O Nc6 7.Nc3 Rb8 8.d5 Na5
9.Nd2 c5 10.Qc2 e6 11.Rb1 exd5 12.cxd5 b5 13.b4 cxb4 14.Rxb4 Qc7 15.Bb2 Bf5
16.Qd1 Qc5 17.a3 Rfe8 18.Qa1 Rec8 19.h3 Ne8 20.Nde4 Bxe4 21.Nxe4 Bxb2 22.Qxb2 Qc2
23.Rb1 Qxb2 24.R4xb2 a6 25.e3 Nc4 26.Ra2 Nb6 27.g4 Na4 28.Rb3 Rc1+ 29.Kh2 Rbc8
30.g5 Kg7 31.h4 h6 32.Bf3 hxg5 33.hxg5 Kf8 34.Kg2 Ke7 35.Rd3 R8c4 36.Nd2 R4c3
37.Nb3 Rxd3 38.Nxc1 Rc3 39.Ne2 Rc5 40.Rd2 Nc7 41.e4 Nb6 42.Rd3 Nd7 43.Rb3 Rc4
44.Rb4 Ne5 45.Rb3 Na8 46.Nc3 Nxf3 47.Kxf3 Nb6 48.Ke3 f6 49.gxf6+ Kxf6 50.Nb1 g5
51.Nd2 Rc2 52.Kd3 Ra2 53.Ke3 Na4 54.Nb1 Nb2 55.f3 Ke5 56.Nd2 Na4 57.Nb1 Nc5
58.Rb4 Rc2 59.Rd4 Nb3 60.Rd1 Rg2 61.Rh1 Nd4 62.Rh8 Nc2+ 63.Kd3 Kf4 64.Rf8+ Kg3
65.Nd2 Ne1+ 66.Ke3 Rf2 67.e5 Ng2+ 68.Ke4 Re2+ 69.Kd3 Rxe5 70.Ne4+ Kh2 71.Kd4 Nf4
72.Nc3 Rxd5+ 73.Nxd5 Ne6+ 74.Ke4 Nxf8 75.Kf5 Kg3 76.Kxg5 Kxf3 77.Kf5 a5 78.Nb6 Ke3
79.a4 bxa4 80.Nxa4 d5 81.Ke5 d4 82.Nb2 d3 83.Kd5 Nd7 84.Kc4 Nb6+ 85.Kb5 a4
86.Kxb6 a3 87.Nc4+ Kf2 88.Nxa3 d2  0-1

[Event "Yerevan ol (Men)"]
[Site "Yerevan"]
[Date "1996.??.??"]
[Round "7"]
[White "Rogozenko, Dorin"]
[Black "Salai, Ladislav"]
[Result "1-0"]
[WhiteElo "2525"]
[BlackElo "2440"]

1.d4 Nf6 2.c4 g6 3.Nf3 Bg7 4.g3 O-O 5.Bg2 d6 6.O-O c5 7.Nc3 Nc6 8.d5 Na5
9.Nd2 a6 10.Qc2 Rb8 11.b3 b5 12.Rb1 e5 13.cxb5 axb5 14.b4 cxb4 15.Rxb4 Ba6
16.Ba3 Qc7 17.Qd3 Rfc8 18.Rc1 Nb7 19.Nxb5 Qxc1+ 20.Bxc1 Rxc1+ 21.Nf1 Nc5
22.Qd2 Rxb5 23.Rxb5 Rxf1+ 24.Bxf1 Bxb5 25.Qa5 Bd7 26.Qd8+ Ne8 27.e3 Bf8 28.g4 h6
29.h4 f6 30.Qb8 Kf7 31.Bb5 Bxb5 32.Qxb5 Nc7 33.Qc6 N7a6 34.a3 e4 35.Qc8 Be7
36.h5 g5 37.Kf1 Bf8 38.Ke2 Be7 39.Ke1 Nd3+ 40.Kf1 Nac5 41.Kg2 Ne5 42.Kg3 Bf8
43.Qb8 Be7 44.Qb5 Bd8 45.a4 Ned7 46.a5 Ke7 47.a6 Bb6 48.Qc6 Nxa6 49.Qc8 Nc7
50.Qg8 Nf8 51.Qg7+ Ke8 52.Qxf6 Nxd5 53.Qxh6 Bd8 54.Qg7 Bf6 55.Qb7 Be5+ 56.Kg2 Nf6
57.Qc8+ Ke7 58.Qf5 N8h7 59.Kf1 Bc3 60.Ke2 Bb4 61.Kd1 Bc3 62.Kc2 Be5 63.Kb3 Bh2
64.Kc4 Be5 65.Qg6 Bh2 66.Qg7+ Ke6 67.Kb5 Bg1 68.Qa7 Bh2 69.Kc6 Be5 70.Kb5 Nf8
71.Qg7 N8h7 72.Kc6 Bh2 73.Kb7 Be5 74.Kc8 Kd5 75.Qf7+ Kc5 76.Kb7 Kb4 77.Qc7 Nf8
78.Qc8 N8h7 79.Ka6 Bh2 80.Kb6 Nd5+ 81.Kb7 Ndf6 82.Qc2 Be5 83.Kc8 d5 84.Qc6 Bc3
85.Kd8 Kb3 86.Qb5+ Bb4 87.Qc6 Be1 88.Qb5+ Bb4 89.Qe2 Bf8 90.Kc7 Kc3 91.Qd1 Be7
92.Kc6 Bf8 93.Kb5 Be7 94.Ka4 Bf8 95.Qc1+ Kd3 96.Qb2 Be7 97.Kb3  1-0

[Event "Yerevan ol (Men)"]
[Site "Yerevan"]
[Date "1996.??.??"]
[Round "7"]
[White "Vakhidov, Tahir"]
[Black "Kempinski, Robert"]
[Result "1-0"]
[WhiteElo "2420"]
[BlackElo "2510"]

1.d4 Nf6 2.Nf3 g6 3.c4 Bg7 4.g3 O-O 5.Bg2 d6 6.O-O Nbd7 7.Nc3 e5 8.h3 c6
9.e4 Qb6 10.Re1 exd4 11.Nxd4 Ng4 12.Nce2 Nge5 13.b3 Nc5 14.Be3 Re8 15.Qc2 a5
16.Red1 a4 17.Rab1 axb3 18.axb3 Qa6 19.f4 Ned7 20.Bf2 Nf6 21.Nc3 Bd7 22.b4 Ne6
23.Nxe6 Rxe6 24.c5 d5 25.b5 cxb5 26.e5 Ne8 27.Qb2 Qa3 28.Qxa3 Rxa3 29.Nxb5 Ra5
30.Nd6 Nxd6 31.cxd6 Bc6 32.Bb6 Rb5 33.Rxb5 Bxb5 34.Rxd5 Bd7 35.Rc5 Kf8 36.Rc7  1-0

[Event "Yerevan ol (Men)"]
[Site "Yerevan"]
[Date "1996.??.??"]
[Round "7"]
[White "Baburin, Alexander"]
[Black "Hakki, Imad"]
[Result "1-0"]
[WhiteElo "2545"]
[BlackElo "2380"]

1.d4 Nf6 2.c4 g6 3.Nf3 Bg7 4.g3 O-O 5.Bg2 d6 6.O-O Nc6 7.Nc3 Bf5 8.d5 Na5
9.Nd4 Bd7 10.Qd3 Ng4 11.f4 c5 12.Nc2 a6 13.b3 b5 14.Rb1 Rb8 15.Bd2 Qc7 16.h3 bxc4
17.bxc4 Nf6 18.e4 Rxb1 19.Rxb1 Rb8 20.Ne3 Rxb1+ 21.Qxb1 Be8 22.Bf1 Nh5 23.Kh2 Qb7
24.Qc2 Qc7 25.Bd3 Nb7 26.Ne2 Nf6 27.Ng1 Nd7 28.Nf3 Qb6 29.Nd1 Qc7 30.Kg2 Nb6
31.Ne3 Na4 32.Ng4 Qb6 33.e5 Qb2 34.Qxb2 Nxb2 35.Be2 Na4 36.Nf2 f6 37.e6 f5
38.Nd1 Nb6 39.g4 Ba4 40.Ne3 Bd4 41.gxf5 Bxe3 42.Bxe3 gxf5 43.Bd3 Na5 44.Nd2 Be8
45.Bf2 Bg6 46.Be1 Kf8 47.Kf3 h6 48.Ke3 Ke8 49.Be2 Kf8 50.Kd3 Be8 51.Kc3 Na4+
52.Kc2 Nb6 53.Bh4 Bg6 54.Kc3 Na4+ 55.Kd3 Nb6 56.Bd1 Be8 57.Bc2 Bh5 58.Bf2 Be8
59.Be1 Kg7 60.Bb3 Bh5 61.Nf1 Nb7 62.Ne3 Bg6 63.Bc2 Kf8 64.Kc3 Na5 65.Bd3 Be8
66.Nxf5 Bg6 67.Ne3 Be8 68.f5 Bh5 69.Bh4 Na4+ 70.Kc2 Nb6 71.f6 exf6 72.Bxf6 Nc8
73.Kc3 Nb7 74.Nf5 Bg6 75.Nxh6 Bxd3 76.Kxd3 Ne7 77.Bxe7+ Kxe7 78.Ng4  1-0